书目信息 |
| 题名: |
机械工程概论
|
|
| 作者: | 张宪民 , 陈忠 主编 | |
| 分册: | ||
| 出版信息: | 武汉 华中科技大学出版社 2015.1 |
|
| 页数: | 342页 | |
| 开本: | 24cm | |
| 丛书名: | 普通高等学校机械制造及其自动化专业“十二五”规划教材 | |
| 单 册: | ||
| 中图分类: | TH-43 | |
| 科图分类: | ||
| 主题词: | 机械工程--ji xie gong cheng--高等学校--教材 | |
| 电子资源: | ||
| ISBN: | 978-7-5609-9836-7 | |
| 000 | 01571nam 2200301 450 | |
| 001 | 0100004660 | |
| 005 | 20150212084917.9 | |
| 010 | @a978-7-5609-9836-7@dCNY39.80 | |
| 100 | @a20150211d2015 em y0chiy0121 ea | |
| 101 | 0 | @achi |
| 102 | @aCN@b420000 | |
| 105 | @aak a 000yy | |
| 106 | @ar | |
| 200 | 1 | @a机械工程概论@Aji xie gong cheng gai lun@f主编张宪民, 陈忠 |
| 205 | @a第2版 | |
| 210 | @a武汉@c华中科技大学出版社@d2015.1 | |
| 215 | @a342页@c图@d24cm | |
| 225 | 2 | @a普通高等学校机械制造及其自动化专业“十二五”规划教材@Apu tong gao deng xue xiao ji xie zhi zao ji qi zi dong hua zhuan ye “shi er wu ”gui hua jiao cai |
| 320 | @a有书目 | |
| 330 | @a根据机械工程技术的基础性、入门性、全面性、前瞻性的要求, 《机械工程概论 (普通高等学校机械制造及其自动化专业十二五规划教材) 》由张宪民、陈忠主编, 从机械设计、机械制造、机电控制三大部分, 按照一定逻辑路线组织内容。在机械设计部分, 从简单的力学知识到机构、零件、机器与创新设计; 在机械制造部分, 从原料到毛坯制造、少无切削的成形技术、传统制造、非传统制造; 在机电控制部分, 从机电控制基础到检测与传感、分布式控制技术, 全面而简略地阐述了机械工程的基础知识。同时, 特别增加了电子制造技术与机器人技术概论两个章节, 以求突出现代机械工程所涉及的新领域与智能自动化技术。 | |
| 333 | @a高等学校机械类专业师生 | |
| 410 | 0 | @12001 @a普通高等学校机械制造及其自动化专业“十二五”规划教材 |
| 606 | 0 | @a机械工程@Aji xie gong cheng@x高等学校@j教材 |
| 690 | @aTH-43@v5 | |
| 701 | 0 | @a张宪民@Azhang xian min@4主编 |
| 701 | 0 | @a陈忠@Achen zhong@4主编 |
| 801 | 0 | @aCN@c20160515 |
| 905 | @a河南城建学院图书馆@dTH-43@eZ214=2 | |
| 机械工程概论/主编张宪民, 陈忠.-第2版.-武汉:华中科技大学出版社,2015.1 |
| 342页:图;24cm.-(普通高等学校机械制造及其自动化专业“十二五”规划教材) |
| 使用对象:高等学校机械类专业师生 |
| ISBN 978-7-5609-9836-7:CNY39.80 |
| 根据机械工程技术的基础性、入门性、全面性、前瞻性的要求, 《机械工程概论 (普通高等学校机械制造及其自动化专业十二五规划教材) 》由张宪民、陈忠主编, 从机械设计、机械制造、机电控制三大部分, 按照一定逻辑路线组织内容。在机械设计部分, 从简单的力学知识到机构、零件、机器与创新设计; 在机械制造部分, 从原料到毛坯制造、少无切削的成形技术、传统制造、非传统制造; 在机电控制部分, 从机电控制基础到检测与传感、分布式控制技术, 全面而简略地阐述了机械工程的基础知识。同时, 特别增加了电子制造技术与机器人技术概论两个章节, 以求突出现代机械工程所涉及的新领域与智能自动化技术。 |
| ● |
| 相关链接 |
|
|
|
正题名:机械工程概论
索取号:TH-43/Z214=2
 
预约/预借
| 序号 | 登录号 | 条形码 | 馆藏地/架位号 | 状态 | 备注 |
| 1 | 1253408 | 212534088 | 自科库501/501自科库 31排2列2层/ [索取号:TH-43/Z214=2] | 在馆 | |
| 2 | 1253409 | 212534097 | 自科库501/501自科库 31排2列2层/ [索取号:TH-43/Z214=2] | 在馆 | |
| 3 | 1253410 | 212534104 | 自科二线400A/400A自科库 27排1列5层/ [索取号:TH-43/Z214=2] | 在馆 |